Deti z fotografie

Podrobná bibliografia
Hlavný autor: Bán, Andrej, 1964- (Autor)
Médium: Článok
Jazyk:slovenčina
Fyzický popis:Fotogr.
ISSN:1336-5932
Predmet:

MARC

LEADER 00000nab a2200000 a 4500
001 vtls009936284
003 SK-MaSNL
005 20260304182029.0
008 180405c2009 xo wr|p|||||||000 b|slo
015 |a SNBRB2009/08  |2 snkbucl 
040 |a SNKBUCL  |b slo  |c SNKBUCL  |e AACR2 
041 0 |a slo 
044 |a xo  |c SK 
080 |a 94(100)  |x "1939/1945"  |2 2001 
080 |a 94(438)  |x "1939/1945"  |2 2001 
080 |a 343.819.5:77.039  |2 2001 
080 |a 77.039  |2 2001 
100 1 |a Bán, Andrej,  |d 1964-  |4 aut  |9 85722 
245 1 0 |a Deti z fotografie  |c Andrej Bán 
300 |b Fotogr. 
500 |a Na fotografii sú aj deti, ktoré boli internované z koncentračného tábora v Seredi. 
610 1 7 |a Osvienčim (koncentračný tábor)  |2 snkbucl  |9 178736 
610 1 7 |a Sereď (koncentračný tábor)  |2 agk  |9 153803 
650 0 7 |a židovské deti  |2 snkbucl  |9 84697 
650 0 7 |a historická fotografia  |2 snkbucl  |9 54961 
650 0 7 |a koncentračné tábory  |2 snkbucl  |9 2654 
650 0 7 |a druhá svetová vojna (1939-1945)  |2 snkbucl  |9 169657 
655 7 |a reportáže  |2 snkbucl  |9 28856 
773 0 |t Týždeň  |g Roč. VI, č. 29 (2009), s. 10-21  |x 1336-5932 
852 |a SNK  |b KIS3GCP 
958 |a SK 
958 |a PL 
999 |c 3027113  |d 3029043